<?xml version="1.0" encoding="UTF-8"?>
<collection xmlns="http://www.loc.gov/MARC21/slim">
 <record>
  <leader>02455nam a2200229Ia 4500</leader>
  <controlfield tag="001">CTU_237888</controlfield>
  <controlfield tag="008">210402s9999    xx            000 0 und d</controlfield>
  <datafield tag="082" ind1=" " ind2=" ">
   <subfield code="a">332.12</subfield>
  </datafield>
  <datafield tag="082" ind1=" " ind2=" ">
   <subfield code="b">H531</subfield>
  </datafield>
  <datafield tag="088" ind1=" " ind2=" ">
   <subfield code="a">8340201</subfield>
  </datafield>
  <datafield tag="100" ind1=" " ind2=" ">
   <subfield code="a">Tô, Cẩm Huỳnh</subfield>
  </datafield>
  <datafield tag="245" ind1=" " ind2="0">
   <subfield code="a">Các yếu tố ảnh hưởng đến khả năng trả nợ vay đúng hạn của nông hộ vay vốn tại Ngân hàng thương mại Cổ phần Phát triển Thành phố Hồ Chí Minh chi nhánh Vĩnh Long :</subfield>
  </datafield>
  <datafield tag="245" ind1=" " ind2="0">
   <subfield code="b">Luận văn Thạc sĩ Kinh tế. Chuyên ngành Tài chính - Ngân hàng</subfield>
  </datafield>
  <datafield tag="245" ind1=" " ind2="0">
   <subfield code="c">Tô Cẩm Huỳnh ; Nguyễn Thiện Phong (Cán bộ hướng dẫn)</subfield>
  </datafield>
  <datafield tag="260" ind1=" " ind2=" ">
   <subfield code="a">Cần Thơ</subfield>
  </datafield>
  <datafield tag="260" ind1=" " ind2=" ">
   <subfield code="b">Trường Đại học Cần Thơ</subfield>
  </datafield>
  <datafield tag="260" ind1=" " ind2=" ">
   <subfield code="c">2020</subfield>
  </datafield>
  <datafield tag="520" ind1=" " ind2=" ">
   <subfield code="a">Đề tài “Các yếu tố ảnh hưởng đến khả năng trả nợ vay đúng hạn của nông hộ vay vốn tại Ngân hàng thương mại cổ phần Phát Triển Thành Phố Hồ Chí Minh Chi nhánh Vĩnh Long” được thực hiện nhằm ước lượng các yếu ảnh hưởng đến khả năng trả nợ vay đúng hạn của nông hộ thông qua mô hình hồi quy Logit trên cơ sở hệ thống dữ liệu của 204 nông hộ có vay vốn tại Ngân hàng thương mại cổ phần Phát Triển Thành Phố Hồ Chí Minh Chi nhánh Vĩnh Long. Mô hình hồi quy Logit được sử dụng gồm có 07 biến độc lập và 01 biến phụ thuộc. Kết quả nghiên cứu cho thấy trong 07 biến độc lập đưa vào mô hình có 05 biến có ý nghĩa thống kê ở mức ý nghĩa 1% và 10%. Các yếu tố thành viên tạo ra thu nhập trong gia đình, thu nhập của nông hộ có tương quan thuận với khả năng trả nợ vay đúng hạn của nông hộ; các yếu tố tuổi của người đi vay, số tiền vay và lãi suất vay có tương quan nghịch với khả năng trả nợ đúng hạn của nông hộ.</subfield>
  </datafield>
  <datafield tag="650" ind1=" " ind2=" ">
   <subfield code="a">Ngân hàng và nghiệp vụ ngân hàng,Banks and banking</subfield>
  </datafield>
  <datafield tag="904" ind1=" " ind2=" ">
   <subfield code="i">Hải</subfield>
  </datafield>
  <datafield tag="910" ind1=" " ind2=" ">
   <subfield code="c">tvtrong</subfield>
  </datafield>
  <datafield tag="980" ind1=" " ind2=" ">
   <subfield code="a">Trung tâm Học liệu Trường Đại học Cần Thơ</subfield>
  </datafield>
 </record>
</collection>
